000 00339nam a2200133 i 4500
001 bg
100 1 _aKARST,
245 0 _aZasoby i warunki mieszkaniowe w miastach Dolnego Śląska w XXX- leciu PRL /
_cKarst.
260 _aWrocław,
_c1976.
040 _cBPK
041 _apol
942 _cKS
008 s pl f |000 0 pol
999 _c16942
_d16942
856 _uhttp://koha.tu.koszalin.pl/cgi-bin/koha/opac-detail.pl?biblionumber=16942
_yKatalog online BPK